000 00656nam a22002297i 4500
001 IT\ICCU\LUA\0584256
003 ItRI
005 20260306152011.0
008 230414s2022 it |||||| ||||| |||||c
020 _a9788804752370
040 _bita
_cNP
041 7 _aita
_2ISO-639-2
100 1 _aFrancini, Chiara
_0IT\ICCU\LO1V\393241
_4aut
240 1 0 _aNon parlare con la bocca piena
_9Francini, Chiara
245 1 0 _aNon parlare con la bocca piena /
_cChiara Francini.
260 _aMilano :
_bRizzoli,
_c2022
300 _a279 p. ;
_c20 cm
500 _aEdizione speciale Rizzoli
942 _2ddc
_cBK
981 1 _6z01
_ai
_bxxxe
982 1 _6z01
_an
999 _c28842
_d28842